000 00772cab a22001935a 4500
001 L141310
008 071115s2007 xxkao f 000 0 eng d
035 _a(Sirsi) u141310
041 0 _aeng
100 1 _aCarter, Mark
245 0 0 _aAfter the floods
260 _c2007
490 0 _aPremises and Facilities Management
_vOctober 2007, 29-30(2)
520 _aExplains that floods will happen in the future and what the health and safety implications for staff and buildings are following water or flood damage. Identifies the risks and what steps should be taken to minimise health and safety risks.
651 4 _aUnited Kingdom
_y
690 _aHealth and safety
_96244
690 _aENVIRONMENTAL LAND AND CONSULTANCY-WATER RESOURCE MANAGEMENT-FLOODING
942 _n0
999 _c79451
_d79451